[Event "EU-Cup 35th"]
[Site "Ulcinj"]
[Date "2019.11.15"]
[Round "6.13"]
[White "Brunner, Lucas"]
[Black "Beerdsen, Thomas"]
[Result "1/2-1/2"]
[WhiteElo "2441"]
[BlackElo "2468"]
[PlyCount "60"]
[EventDate "2019.11.10"]
[EventType "team-swiss"]
[EventRounds "7"]
[EventCountry "MNE"]
[SourceTitle "CBM 193 Extra"]
[Source "ChessBase"]
[SourceDate "2020.01.31"]
[SourceVersion "1"]
[SourceVersionDate "2020.01.31"]
[SourceQuality "1"]
[WhiteTeam "Zuerich SG"]
[BlackTeam "Mosan Echiquier"]
[WhiteTeamCountry "SUI"]
[BlackTeamCountry "NED"]

1. Nf3 c5 2. c4 Nf6 3. Nc3 Nc6 4. g3 d5 5. d4 e6 6. cxd5 exd5 7. Bg2 cxd4 8. Nxd4 Bc5 9. Nxc6 bxc6 10. 0-0 0-0 11. Qc2 Bd6 12. e4 Rb8 13. exd5 Nxd5 14. Nxd5 cxd5 15. Rd1 Qf6 16. Rxd5 Be5 17. Qc5 Bxb2 18. Bxb2 Qxb2 19. Qd4 Qxd4 20. Rxd4 Rb5 21. Bd5 Rc5 22. Rad1 g6 23. h4 Kg7 24. Bb3 Rc7 25. f3 Re8 26. Kf2 Rce7 27. R1d2 Be6 28. Re2 Bxb3 29. Rxe7 Rxe7 30. axb3 Rb7 1/2-1/2

[Event "EU-Cup 35th"]
[Site "Ulcinj"]
[Date "2019.11.13"]
[Round "4.14"]
[White "Lammens, Tim"]
[Black "Brunner, Lucas"]
[Result "0-1"]
[WhiteElo "2258"]
[BlackElo "2441"]
[PlyCount "76"]
[EventDate "2019.11.10"]
[EventType "team-swiss"]
[EventRounds "7"]
[EventCountry "MNE"]
[SourceTitle "CBM 193 Extra"]
[Source "ChessBase"]
[SourceDate "2020.01.31"]
[SourceVersion "1"]
[SourceVersionDate "2020.01.31"]
[SourceQuality "1"]
[WhiteTeam "Apeldoorn MuConsult"]
[BlackTeam "Zuerich SG"]
[WhiteTeamCountry "NED"]
[BlackTeamCountry "SUI"]

1. Nf3 c5 2. c4 g6 3. d4 cxd4 4. Nxd4 Nc6 5. e4 Bg7 6. Be3 Nf6 7. Nc3 Ng4 8. Qxg4 Nxd4 9. Qd1 Ne6 10. Qd2 Qa5 11. Rb1 Bxc3 12. bxc3 d6 13. Be2 Qc7 14. 0-0 b6 15. f4 Bb7 16. Bd3 Nc5 17. f5 Qc6 18. fxg6 hxg6 19. Bc2 f6 20. a4 Kd7 21. a5 Kc7 22. axb6+ axb6 23. Rb2 Ra6 24. Rfb1 Rha8 25. Qf2 Ra1 26. h3 Rxb1+ 27. Bxb1 Ra1 28. Kh2 g5 29. Qf5 Ba6 30. Qh7 Qd7 31. Qg8 Bb7 32. Qf7 Ra5 33. Qg8 Bc6 34. Qf8 Qe6 35. Bd4 Ra8 36. Qg7 Ra1 37. Qh7 Rxb1 38. Ra2 Qxe4 0-1

[Event "EU-Cup 35th"]
[Site "Ulcinj"]
[Date "2019.11.10"]
[Round "1.18"]
[White "Brunner, Lucas"]
[Black "Fejzullahu, Afrim"]
[Result "0-1"]
[WhiteElo "2441"]
[BlackElo "2201"]
[PlyCount "80"]
[EventDate "2019.11.10"]
[EventType "team-swiss"]
[EventRounds "7"]
[EventCountry "MNE"]
[SourceTitle "CBM 193 Extra"]
[Source "ChessBase"]
[SourceDate "2020.01.31"]
[SourceVersion "1"]
[SourceVersionDate "2020.01.31"]
[SourceQuality "1"]
[WhiteTeam "Zuerich SG"]
[BlackTeam "Drejtesia"]
[WhiteTeamCountry "SUI"]
[BlackTeamCountry "KOS"]

1. d4 Nf6 2. c4 e6 3. Nf3 d5 4. Nc3 Be7 5. Bg5 0-0 6. e3 b6 7. Bd3 Bb7 8. 0-0 Nbd7 9. Qe2 dxc4 10. Bxc4 Ne4 11. Nxe4 Bxe4 12. Bf4 Bd6 13. Bg3 Bxg3 14. hxg3 Qf6 15. Rac1 c5 16. dxc5 Nxc5 17. b4 Nd7 18. Ba6 Rfd8 19. Rfd1 Ne5 20. Nd4 h6 21. Rc7 Ng6 22. Rdc1 Ne7 23. f3 Bd5 24. Nb5 e5 25. Nxa7 Nf5 26. g4 Ng3 27. Qe1 Qh4 28. e4 Be6 29. a4 Rd4 30. Bc8 Qh1+ 31. Kf2 Qh4 32. Bxe6 Rd2+ 33. Qxd2 Nxe4+ 34. Kg1 Nxd2 35. Bxf7+ Kh7 36. Bd5 Rd8 37. Bb7 e4 38. Rf7 Nxf3+ 39. Rxf3 exf3 40. Bxf3 Qe7 0-1

[Event "SUI-chT"]
[Site "Switzerland"]
[Date "2019.10.19"]
[Round "8.5"]
[White "Brunner, Lucas"]
[Black "Edouard, Romain"]
[Result "0-1"]
[WhiteElo "2452"]
[BlackElo "2640"]
[PlyCount "66"]
[EventDate "2019.03.10"]
[EventType "team-tourn"]
[EventRounds "9"]
[EventCountry "SUI"]
[SourceTitle "CBM 193 Extra"]
[Source "ChessBase"]
[SourceDate "2020.01.31"]
[SourceVersion "1"]
[SourceVersionDate "2020.01.31"]
[SourceQuality "1"]
[WhiteTeam "Zuerich"]
[BlackTeam "Geneve"]
[WhiteTeamCountry "SUI"]
[BlackTeamCountry "SUI"]

1. c4 e5 2. g3 Nf6 3. Bg2 c6 4. d4 e4 5. Nc3 d5 6. Bg5 Bb4 7. Qb3 Bxc3+ 8. bxc3 Nbd7 9. cxd5 cxd5 10. f3 h6 11. Bxf6 Nxf6 12. Nh3 0-0 13. 0-0 e3 14. Nf4 b6 15. c4 Re8 16. Nxd5 Nxd5 17. cxd5 Ba6 18. Rfc1 Rc8 19. Kf1 Qd7 20. Rxc8 Qxc8 21. Qb2 Qf5 22. Rc1 Qxd5 23. Rc7 Kh8 24. a4 Qa5 25. Qc1 Qd2 26. Qe1 Qxd4 27. Bh3 Qd5 28. Bd7 Rd8 29. Bb5 Qh5 30. Kg2 Bxb5 31. axb5 Qxb5 32. Rxf7 Rd2 33. Kf1 Qb3 0-1

[Event "SUI-chT"]
[Site "Switzerland"]
[Date "2019.05.04"]
[Round "3.6"]
[White "Brunner, Lucas"]
[Black "Maeser, Fabian"]
[Result "1/2-1/2"]
[WhiteElo "2452"]
[BlackElo "2284"]
[PlyCount "63"]
[EventDate "2019.03.10"]
[EventType "team-tourn"]
[EventRounds "9"]
[EventCountry "SUI"]
[SourceTitle "CBM 190 Extra"]
[Source "ChessBase"]
[SourceDate "2019.07.15"]
[SourceVersion "1"]
[SourceVersionDate "2019.07.15"]
[SourceQuality "1"]
[WhiteTeam "Zuerich"]
[BlackTeam "Wollishofen"]
[WhiteTeamCountry "SUI"]
[BlackTeamCountry "SUI"]

1. d4 d5 2. c4 c6 3. Nf3 Nf6 4. Nc3 a6 5. c5 Nbd7 6. b4 g6 7. e3 Bg7 8. Be2 0-0 9. 0-0 Re8 10. Bb2 Qc7 11. Qb3 e5 12. dxe5 Nxe5 13. Rad1 Nfg4 14. Nxe5 Bxe5 15. h3 Bxc3 16. hxg4 Bxb2 17. Qxb2 Qe5 18. Rd4 Be6 19. Qc3 Qf6 20. a4 Re7 21. Rc1 Rae8 22. Rf4 Qxc3 23. Rxc3 h6 24. f3 Kg7 25. Kf2 Bc8 26. Rd4 Re5 27. f4 R5e7 28. Bf3 Bd7 29. a5 Bc8 30. Rd2 Kf6 31. Rd1 Kg7 32. Rd4 1/2-1/2

[Event "SUI-chT"]
[Site "Switzerland"]
[Date "2018.09.09"]
[Round "7.6"]
[White "Riff, Jean Noel"]
[Black "Brunner, Lucas"]
[Result "1/2-1/2"]
[WhiteElo "2479"]
[BlackElo "2446"]
[PlyCount "141"]
[EventDate "2018.03.25"]
[EventType "team-tourn"]
[EventRounds "9"]
[EventCountry "SUI"]
[SourceTitle "EXT 2019"]
[Source "ChessBase"]
[SourceDate "2018.10.10"]
[SourceVersion "1"]
[SourceVersionDate "2018.10.10"]
[SourceQuality "1"]
[WhiteTeam "Geneve"]
[BlackTeam "Zuerich"]
[WhiteTeamCountry "SUI"]
[BlackTeamCountry "SUI"]

1. e4 c6 2. d4 d5 3. e5 Bf5 4. Nf3 e6 5. Be2 Nd7 6. 0-0 Bg6 7. Nbd2 Nh6 8. Nb3 Be7 9. a4 f6 10. Bd3 Bxd3 11. Qxd3 Nf7 12. exf6 Bxf6 13. Re1 Qe7 14. Qe2 Nd8 15. Bd2 0-0 16. Nc1 Re8 17. Nd3 Nf7 18. Bf4 c5 19. c3 Rac8 20. Nxc5 Nxc5 21. dxc5 e5 22. Be3 d4 23. Bd2 dxc3 24. Bxc3 Qxc5 25. Nd2 Nd6 26. Qg4 Qd5 27. Ne4 Nxe4 28. Rxe4 a6 29. Rae1 b5 30. axb5 axb5 31. h3 Rc4 32. Rxc4 Qxc4 33. Qxc4+ bxc4 34. Re4 Rc8 35. Bxe5 Bxe5 36. Rxe5 c3 37. bxc3 Rxc3 38. Kh2 Kf7 39. g4 h6 40. h4 Ra3 41. Kg2 Rb3 42. f3 Ra3 43. Kg3 Rb3 44. Ra5 Rb4 45. Rf5+ Kg8 46. Rf4 Rb3 47. Rd4 Ra3 48. Kf4 Kf7 49. Ke4 Rb3 50. h5 Kg8 51. f4 Kh7 52. Rd5 Rb1 53. Rc5 Ra1 54. Kf5 Rf1 55. Rc4 Rf2 56. Re4 Rf3 57. Rd4 Rf2 58. Ke6 Rg2 59. f5 Ra2 60. Ke7 Ra1 61. Rd7 Ra4 62. f6 gxf6 63. Kxf6+ Kg8 64. Kg6 Rxg4+ 65. Kxh6 Kh8 66. Rd8+ Rg8 67. Rxg8+ Kxg8 68. Kg6 Kh8 69. h6 Kg8 70. h7+ Kh8 71. Kh6 1/2-1/2

[Event "SUI-chT"]
[Site "Switzerland"]
[Date "2018.03.25"]
[Round "1.5"]
[White "Brunner, Lucas"]
[Black "Maeser, Fabian"]
[Result "1-0"]
[WhiteElo "2449"]
[BlackElo "2301"]
[PlyCount "83"]
[EventDate "2018.03.25"]
[EventType "team-tourn"]
[EventRounds "9"]
[EventCountry "SUI"]
[SourceTitle "CBM 183 Extra"]
[Source "ChessBase"]
[SourceDate "2018.04.19"]
[SourceVersion "1"]
[SourceVersionDate "2018.04.19"]
[SourceQuality "1"]
[WhiteTeam "Zuerich"]
[BlackTeam "Wollishofen"]
[WhiteTeamCountry "SUI"]
[BlackTeamCountry "SUI"]

1. d4 d5 2. c4 c6 3. Nf3 Nf6 4. Nc3 a6 5. c5 Nbd7 6. Bf4 Nh5 7. Bd2 Nhf6 8. Qc2 g6 9. h3 Bg7 10. Bf4 0-0 11. Rc1 b6 12. cxb6 Qxb6 13. Na4 Qa7 14. e3 Ne4 15. Bd3 c5 16. dxc5 e5 17. Bh2 Nexc5 18. Nxc5 Nxc5 19. Qxc5 Qxc5 20. Rxc5 e4 21. Be2 exf3 22. Bxf3 Be6 23. 0-0 Rfc8 24. Rfc1 Bxb2 25. Rxc8+ Rxc8 26. Rxc8+ Bxc8 27. Bxd5 Be6 28. Bxe6 fxe6 29. Kf1 Kf7 30. Ke2 Ke7 31. g4 Kd7 32. Kd3 Bg7 33. Kc4 Kc6 34. Bb8 Bf6 35. f4 Bb2 36. e4 Bg7 37. Ba7 Bh6 38. Bb8 Bg7 39. f5 gxf5 40. exf5 exf5 41. gxf5 Bf6 42. Ba7 1-0

[Event "EU-Cup 31st"]
[Site "Skopje"]
[Date "2015.10.24"]
[Round "7.4"]
[White "Brunner, Lucas"]
[Black "Laznicka, Viktor"]
[Result "0-1"]
[WhiteElo "2454"]
[BlackElo "2676"]
[PlyCount "122"]
[EventDate "2015.10.18"]
[EventType "team-swiss"]
[EventRounds "7"]
[EventCountry "MKD"]
[SourceTitle "CBM 169"]
[Source "ChessBase"]
[SourceDate "2015.11.10"]
[SourceVersion "1"]
[SourceVersionDate "2015.11.10"]
[SourceQuality "1"]
[WhiteTeam "Zuerich SG"]
[BlackTeam "Novy Bor"]
[WhiteTeamCountry "SUI"]
[BlackTeamCountry "CZE"]

1. d4 f5 2. g3 Nf6 3. Bg2 g6 4. Nf3 Bg7 5. 0-0 0-0 6. c4 d6 7. Nc3 c6 8. Rb1 Nbd7 9. d5 c5 10. b3 Rb8 11. Bb2 a6 12. e4 Nxe4 13. Nxe4 fxe4 14. Ng5 Nf6 15. Nxe4 Bf5 16. Qe2 b5 17. Nxf6+ Bxf6 18. Be4 Bd7 19. Qd2 a5 20. h4 Rf7 21. Rfe1 Qc7 22. Bxf6 exf6 23. cxb5 Rxb5 24. Bd3 Rb8 25. Bc4 Kg7 26. Re3 Re8 27. Re6 Bxe6 28. dxe6 Rfe7 29. Re1 d5 30. Qxd5 Rd8 31. Qf3 Qb7 32. Qe2 Rd4 33. a4 Qb4 34. Rf1 Qc3 35. Kg2 h5 36. Kg1 Kf8 37. Kg2 Kg7 38. Kg1 Kg8 39. Kg2 Kf8 40. Kg1 Kg7 41. Kg2 Rd2 42. Qe4 Qd4 43. Qf3 Qe5 44. Rd1 Rd4 45. Rd3 f5 46. Re3 Re4 47. Rd3 Rd4 48. Re3 Qc7 49. Qa8 Rd8 50. Qf3 Qb7 51. Qxb7 Rxb7 52. Re5 Rc7 53. f4 Rd2+ 54. Kf3 Kf6 55. Rd5 Rd4 56. Rxd4 cxd4 57. Ke2 Rc8 58. Kd3 Rd8 59. Kd2 Rd6 60. Kd3 Ke7 61. Kd2 Rxe6 0-1

[Event "EU-Cup 31st"]
[Site "Skopje"]
[Date "2015.10.22"]
[Round "5.5"]
[White "Brunner, Lucas"]
[Black "Fedoseev, Vladimir1111"]
[Result "0-1"]
[WhiteElo "2454"]
[BlackElo "2659"]
[PlyCount "58"]
[EventDate "2015.10.18"]
[EventType "team-swiss"]
[EventRounds "7"]
[EventCountry "MKD"]
[SourceTitle "CBM 169"]
[Source "ChessBase"]
[SourceDate "2015.11.10"]
[SourceVersion "1"]
[SourceVersionDate "2015.11.10"]
[SourceQuality "1"]
[WhiteTeam "Zuerich SG"]
[BlackTeam "Mednyi Vsadnik"]
[WhiteTeamCountry "SUI"]
[BlackTeamCountry "RUS"]

1. c4 d6 2. g3 e5 3. Bg2 Be7 4. Nc3 c6 5. d4 f5 6. dxe5 dxe5 7. Qxd8+ Bxd8 8. e4 Nf6 9. Nf3 Bc7 10. 0-0 0-0 11. exf5 Bxf5 12. b3 Na6 13. Ba3 Rfe8 14. Rad1 Ba5 15. Bb2 Nc5 16. Ba1 e4 17. Nd4 Bg6 18. a3 Nd3 19. b4 Bc7 20. Nxe4 Nxe4 21. Rxd3 Nxf2 22. Rd2 Ng4 23. Bh3 h5 24. Bxg4 hxg4 25. Nf5 Rad8 26. Rxd8 Bxd8 27. Nxg7 Re4 28. Nf5 Rxc4 29. h3 Bb6+ 0-1

[Event "EU-Cup 31st"]
[Site "Skopje"]
[Date "2015.10.21"]
[Round "4.5"]
[White "Hammes, Michael"]
[Black "Brunner, Lucas"]
[Result "0-1"]
[WhiteElo "2336"]
[BlackElo "2454"]
[PlyCount "88"]
[EventDate "2015.10.18"]
[EventType "team-swiss"]
[EventRounds "7"]
[EventCountry "MKD"]
[SourceTitle "CBM 169"]
[Source "ChessBase"]
[SourceDate "2015.11.10"]
[SourceVersion "1"]
[SourceVersionDate "2015.11.10"]
[SourceQuality "1"]
[WhiteTeam "Eynatten"]
[BlackTeam "Zuerich SG"]
[WhiteTeamCountry "BEL"]
[BlackTeamCountry "SUI"]

1. d4 Nf6 2. c4 e6 3. Nc3 Bb4 4. e3 0-0 5. Nge2 Re8 6. a3 Bf8 7. d5 a5 8. g3 Na6 9. Bg2 Nc5 10. b3 exd5 11. cxd5 b6 12. 0-0 Ba6 13. Ra2 Nd3 14. Rd2 Nxc1 15. Qxc1 b5 16. Na2 b4 17. a4 Bd6 18. Qc2 Qe7 19. Rfd1 h5 20. Nd4 g6 21. Nc1 h4 22. Bf3 Kg7 23. Nb5 Bxb5 24. axb5 Rh8 25. Nd3 hxg3 26. hxg3 Ne4 27. Qb2+ Nc3 28. Rc1 Qf6 29. Bg2 Rab8 30. e4 Rxb5 31. Re1 Be5 32. Nxe5 Qxe5 33. f4 Qd6 34. Rd3 Qc5+ 35. Ree3 d6 36. Kf1 a4 37. bxa4 Ra5 38. e5 Rxa4 39. e6 Ra2 40. Qb3 Ra1+ 41. Kf2 Ra3 42. Qxa3 Nd1+ 43. Rxd1 bxa3 44. e7 Qc2+ 0-1

[Event "EU-Cup 31st"]
[Site "Skopje"]
[Date "2015.10.19"]
[Round "2.5"]
[White "Brunner, Lucas"]
[Black "Vocaturo, Daniele"]
[Result "0-1"]
[WhiteElo "2454"]
[BlackElo "2579"]
[PlyCount "82"]
[EventDate "2015.10.18"]
[EventType "team-swiss"]
[EventRounds "7"]
[EventCountry "MKD"]
[SourceTitle "CBM 169"]
[Source "ChessBase"]
[SourceDate "2015.11.10"]
[SourceVersion "1"]
[SourceVersionDate "2015.11.10"]
[SourceQuality "1"]
[WhiteTeam "Zuerich SG"]
[BlackTeam "Padova"]
[WhiteTeamCountry "SUI"]
[BlackTeamCountry "ITA"]

1. c4 c5 2. g3 g6 3. Bg2 Bg7 4. Nc3 Nc6 5. Nf3 d6 6. 0-0 e6 7. e3 Nge7 8. d4 0-0 9. d5 Na5 10. Qd3 exd5 11. cxd5 Rb8 12. e4 b5 13. Re1 b4 14. Nd1 c4 15. Qe2 c3 16. Be3 Bd7 17. Nd4 Rc8 18. bxc3 bxc3 19. Rc1 Nc4 20. Nxc3 Nxe3 21. fxe3 Qa5 22. Qd3 Rc5 23. Bf1 Qb4 24. Nce2 Rfc8 25. Rb1 Qa4 26. Rb7 R5c7 27. Rxc7 Rxc7 28. Qb3 Qa5 29. Rb1 Nc8 30. Kf2 Nb6 31. Qb4 Qxb4 32. Rxb4 h5 33. Rb3 Na4 34. Bg2 Nc5 35. Rb8+ Kh7 36. Ke1 Nd3+ 37. Kd2 Ne5 38. Nc3 Nc4+ 39. Kd3 a6 40. h3 Nxe3 41. Bf3 Bxd4 0-1

[Event "SUI-chT"]
[Site "Switzerland"]
[Date "2015.10.11"]
[Round "9.3"]
[White "Heimann, Andreas"]
[Black "Brunner, Lucas"]
[Result "1-0"]
[WhiteElo "2501"]
[BlackElo "2459"]
[PlyCount "75"]
[EventDate "2015.03.29"]
[EventType "team-tourn"]
[EventRounds "9"]
[EventCountry "SUI"]
[SourceTitle "EXT 2017"]
[Source "ChessBase"]
[SourceDate "2016.10.25"]
[SourceVersion "1"]
[SourceVersionDate "2016.10.25"]
[SourceQuality "1"]
[WhiteTeam "Riehen"]
[BlackTeam "Zuerich"]
[WhiteTeamCountry "SUI"]
[BlackTeamCountry "SUI"]

1. e4 Nf6 2. e5 Nd5 3. d4 d6 4. c4 Nb6 5. exd6 cxd6 6. Nc3 g6 7. Be3 Bg7 8. Rc1 0-0 9. b3 e5 10. dxe5 dxe5 11. Qxd8 Rxd8 12. c5 N6d7 13. Bc4 Nf8 14. Bg5 Rd7 15. Nf3 Nc6 16. 0-0 h6 17. Be3 Rd8 18. Nb5 Be6 19. Nd6 Rd7 20. Bb5 Bd5 21. Rfd1 Bxf3 22. gxf3 Rad8 23. Re1 Ne6 24. Nxb7 Rxb7 25. Bxc6 Rc7 26. Bb5 Nd4 27. Bxd4 exd4 28. Bd3 Rd5 29. Re8+ Kh7 30. b4 Rg5+ 31. Kh1 Bf6 32. c6 Kg7 33. b5 Re5 34. Rxe5 Bxe5 35. a4 Re7 36. Re1 Kf6 37. a5 Rc7 38. Rc1 1-0

[Event "SUI-chT"]
[Site "Switzerland"]
[Date "2013.10.13"]
[Round "9.3"]
[White "Milov, Vadim"]
[Black "Brunner, Lucas"]
[Result "1/2-1/2"]
[WhiteElo "2643"]
[BlackElo "2449"]
[PlyCount "82"]
[EventDate "2013.03.17"]
[EventType "team-tourn"]
[EventRounds "9"]
[EventCountry "SUI"]
[SourceTitle "EXT 2014"]
[Source "ChessBase"]
[SourceDate "2013.11.20"]
[SourceVersion "1"]
[SourceVersionDate "2013.11.20"]
[SourceQuality "1"]
[WhiteTeam "Riehen"]
[BlackTeam "Zuerich"]
[WhiteTeamCountry "SUI"]
[BlackTeamCountry "SUI"]

1. d4 d5 2. c4 dxc4 3. e3 Nf6 4. Bxc4 e6 5. Nf3 c5 6. 0-0 a6 7. a4 Nc6 8. Qe2 Qc7 9. Rd1 Be7 10. Nc3 0-0 11. h3 Rd8 12. b3 b6 13. Bb2 Bb7 14. d5 exd5 15. Nxd5 Nxd5 16. Bxd5 Nb4 17. Bc4 Bd5 18. Bc3 Qb7 19. Bxb4 cxb4 20. Bxd5 Rxd5 21. e4 Rc5 22. e5 Re8 23. Rd3 Qc6 24. Rad1 Bf8 25. Nd4 Qh6 26. Re3 Rd5 27. Nf3 Rxd1+ 28. Qxd1 Bc5 29. Re4 Qc6 30. Qd3 a5 31. g3 Qc8 32. Kg2 Rd8 33. Qe2 Qe6 34. Rc4 Qd5 35. h4 h6 36. Qb2 Qd1 37. Rc1 Qd3 38. Rc4 Qd1 39. Rc1 Qd3 40. Rc2 Qe4 41. Re2 Qc6 1/2-1/2

[Event "SUI-chT"]
[Site "Switzerland"]
[Date "2013.09.07"]
[Round "6.4"]
[White "Brunner, Lucas"]
[Black "Hindermann, Felix"]
[Result "1/2-1/2"]
[WhiteElo "2449"]
[BlackElo "2309"]
[PlyCount "44"]
[EventDate "2013.03.17"]
[EventType "team-tourn"]
[EventRounds "9"]
[EventCountry "SUI"]
[SourceTitle "EXT 2014"]
[Source "ChessBase"]
[SourceDate "2013.11.20"]
[SourceVersion "1"]
[SourceVersionDate "2013.11.20"]
[SourceQuality "1"]
[WhiteTeam "Zuerich"]
[BlackTeam "Wollishofen"]
[WhiteTeamCountry "SUI"]
[BlackTeamCountry "SUI"]

1. d4 e6 2. Nf3 f5 3. Bg5 Be7 4. Bxe7 Qxe7 5. Nbd2 Nf6 6. e3 b6 7. Bc4 Bb7 8. Qe2 d6 9. 0-0-0 Nbd7 10. Ba6 Bxa6 11. Qxa6 0-0 12. h3 Ne4 13. Rhf1 Ndf6 14. Kb1 Qd7 15. Qe2 Qa4 16. Nxe4 Nxe4 17. Nd2 Nxd2+ 18. Rxd2 Rae8 19. f3 a5 20. g4 Qc6 21. Rdd1 a4 22. a3 b5 1/2-1/2

[Event "SUI-chT"]
[Site "Switzerland"]
[Date "2013.06.23"]
[Round "5.3"]
[White "Paleologu, Vladimir"]
[Black "Brunner, Lucas"]
[Result "0-1"]
[WhiteElo "2142"]
[BlackElo "2449"]
[PlyCount "48"]
[EventDate "2013.03.17"]
[EventType "team-tourn"]
[EventRounds "9"]
[EventCountry "SUI"]
[SourceTitle "EXT 2014"]
[Source "ChessBase"]
[SourceDate "2013.11.20"]
[SourceVersion "1"]
[SourceVersionDate "2013.11.20"]
[SourceQuality "1"]
[WhiteTeam "Mendrisio"]
[BlackTeam "Zuerich"]
[WhiteTeamCountry "SUI"]
[BlackTeamCountry "SUI"]

1. e4 c5 2. Nf3 e6 3. d4 cxd4 4. Nxd4 a6 5. g3 d5 6. e5 Ne7 7. f4 Nbc6 8. Be3 Nxd4 9. Bxd4 Nc6 10. Bf2 f6 11. Bd3 fxe5 12. Qh5+ Kd7 13. Bxh7 g6 14. Qxg6 Qe7 15. Bg8 Rh6 16. Qg4 Kc7 17. 0-0 Bd7 18. fxe5 Qg7 19. Qxg7 Bxg7 20. Bf7 Rah8 21. h4 Nxe5 22. Bd4 Nf3+ 23. Rxf3 Bxd4+ 24. Kg2 Bxb2 0-1

[Event "SUI-chT"]
[Site "Switzerland"]
[Date "2013.04.28"]
[Round "2.3"]
[White "Forster, Richard"]
[Black "Brunner, Lucas"]
[Result "1/2-1/2"]
[WhiteElo "2452"]
[BlackElo "2445"]
[PlyCount "64"]
[EventDate "2013.03.17"]
[EventType "team-tourn"]
[EventRounds "9"]
[EventCountry "SUI"]
[SourceTitle "EXT 2014"]
[Source "ChessBase"]
[SourceDate "2013.11.20"]
[SourceVersion "1"]
[SourceVersionDate "2013.11.20"]
[SourceQuality "1"]
[WhiteTeam "Winterthur"]
[BlackTeam "Zuerich"]
[WhiteTeamCountry "SUI"]
[BlackTeamCountry "SUI"]

1. c4 c5 2. g3 g6 3. Bg2 Bg7 4. Nc3 Nc6 5. Nf3 e5 6. 0-0 Nge7 7. a3 a5 8. Ne1 d6 9. Nc2 Be6 10. Ne3 0-0 11. d3 Qd7 12. Ned5 Rab8 13. Bg5 f6 14. Bd2 b6 15. b4 axb4 16. axb4 Nxb4 17. Nxb4 cxb4 18. Nb5 Nc6 19. Qb3 Rfd8 20. Bd5 Bxd5 21. cxd5 Nd4 22. Nxd4 exd4 23. Rac1 Re8 24. Rfe1 f5 25. Rc6 Be5 26. f3 f4 27. gxf4 Bf6 28. Bxb4 Bh4 29. Rxd6 Qh3 30. Re6 Bf2+ 31. Kxf2 Qxh2+ 32. Kf1 Qh1+ 1/2-1/2

[Event "SUI-chT"]
[Site "Switzerland"]
[Date "2013.03.17"]
[Round "1.4"]
[White "Kurmann, Oliver"]
[Black "Brunner, Lucas"]
[Result "1/2-1/2"]
[WhiteElo "2424"]
[BlackElo "2449"]
[PlyCount "39"]
[EventDate "2013.03.17"]
[EventType "team-tourn"]
[EventRounds "9"]
[EventCountry "SUI"]
[SourceTitle "CBM 153 Extra"]
[Source "ChessBase"]
[SourceDate "2013.04.22"]
[SourceVersion "1"]
[SourceVersionDate "2013.04.22"]
[SourceQuality "1"]
[WhiteTeam "Luzern"]
[BlackTeam "Zuerich"]
[WhiteTeamCountry "SUI"]
[BlackTeamCountry "SUI"]

1. e4 c6 2. d4 d5 3. e5 Bf5 4. Nd2 e6 5. Nb3 Nd7 6. Nf3 Ne7 7. Be2 Bg4 8. 0-0 c5 9. Nxc5 Nxc5 10. dxc5 Nc6 11. c4 Bxc5 12. cxd5 exd5 13. Ne1 Bxe2 14. Qxe2 0-0 15. Nd3 Bb6 16. Be3 d4 17. Bd2 Qd5 18. f4 f6 19. exf6 Rae8 20. Qf3 1/2-1/2

[Event "EU-Cup 28th"]
[Site "Eilat"]
[Date "2012.10.17"]
[Round "7.3"]
[White "Brunner, Lucas"]
[Black "Huzman, Alexander"]
[Result "0-1"]
[WhiteElo "2448"]
[BlackElo "2591"]
[PlyCount "170"]
[EventDate "2012.10.11"]
[EventType "team-swiss"]
[EventRounds "7"]
[EventCountry "ISR"]
[SourceTitle "CBM 151"]
[Source "ChessBase"]
[SourceDate "2012.11.13"]
[SourceVersion "1"]
[SourceVersionDate "2012.11.13"]
[SourceQuality "1"]
[WhiteTeam "Zuerich SG"]
[BlackTeam "Beer Sheva"]
[WhiteTeamCountry "SUI"]
[BlackTeamCountry "ISR"]

1. Nf3 d5 2. d4 Nf6 3. c4 e6 4. Nc3 c6 5. cxd5 exd5 6. Bg5 h6 7. Bh4 Bf5 8. e3 Nbd7 9. Bd3 Bxd3 10. Qxd3 Bd6 11. Bg3 Bxg3 12. hxg3 Qe7 13. 0-0-0 0-0-0 14. Kb1 Kb8 15. Rc1 Ne4 16. Rc2 g5 17. Qe2 f5 18. Qd1 Rdf8 19. Re1 h5 20. Ree2 h4 21. gxh4 g4 22. Ne1 g3 23. f3 Nf2 24. Qd2 Rxh4 25. Nd1 Re8 26. Nd3 Nxd3 27. Qxd3 Qg5 28. Re1 Nb6 29. b3 Nc8 30. Kb2 Nd6 31. Nc3 Rh7 32. Rce2 Rhe7 33. Kc2 Qh4 34. Kb2 Re6 35. Na4 b6 36. Nc3 Kb7 37. Kc2 R8e7 38. Kd2 Qh6 39. Kc2 Qf6 40. Kb2 a6 41. Kc2 Re8 42. Kb2 Qe7 43. Kc2 Qf8 44. Kb2 Qf7 45. Kc2 Qe7 46. Kb2 Qf8 47. Rh1 Rh6 48. Rhe1 Rhe6 49. Rh1 b5 50. Rc1 Qe7 51. Rce1 a5 52. Kc2 Ka7 53. Kd2 a4 54. Rc1 Kb7 55. Rh1 Ra8 56. Rc1 axb3 57. axb3 Ra3 58. Qc2 Ra6 59. Rce1 Qd8 60. Rh1 Qe7 61. Rhe1 Qg7 62. Rh1 Re7 63. Rh4 Qf6 64. Rf4 Qg5 65. Na2 Rxa2 66. Qxa2 Ne8 67. Qa3 Rf7 68. Re1 Qh6 69. Ra1 Nc7 70. Kd3 Qf6 71. Qa7+ Kc8 72. Qc5 Re7 73. Rh1 Qe6 74. Qc1 c5 75. dxc5 d4 76. Rxd4 Qxb3+ 77. Ke2 Nd5 78. Rxd5 Qxd5 79. Rd1 Qe5 80. Qa3 b4 81. Qa6+ Rb7 82. c6 Qb5+ 83. Qxb5 Rxb5 84. Kd3 Rd5+ 85. Kc2 b3+ 0-1

[Event "EU-Cup 28th"]
[Site "Eilat"]
[Date "2012.10.16"]
[Round "6.3"]
[White "Giri, Anish"]
[Black "Brunner, Lucas"]
[Result "1-0"]
[WhiteElo "2730"]
[BlackElo "2448"]
[PlyCount "153"]
[EventDate "2012.10.11"]
[EventType "team-swiss"]
[EventRounds "7"]
[EventCountry "ISR"]
[SourceTitle "CBM 151"]
[Source "ChessBase"]
[SourceDate "2012.11.13"]
[SourceVersion "1"]
[SourceVersionDate "2012.11.13"]
[SourceQuality "1"]
[WhiteTeam "SHSM-64"]
[BlackTeam "Zuerich SG"]
[WhiteTeamCountry "RUS"]
[BlackTeamCountry "SUI"]

1. Nf3 Nf6 2. c4 c5 3. Nc3 g6 4. d4 cxd4 5. Nxd4 Nc6 6. e4 d6 7. Be2 Nxd4 8. Qxd4 Bg7 9. Be3 0-0 10. Qd2 a5 11. Rd1 Bd7 12. f3 Bc6 13. b3 Nd7 14. 0-0 Nc5 15. Rb1 Qb6 16. Rfc1 Rfc8 17. Rc2 Qd8 18. Bf1 h5 19. g3 Kh7 20. Bg2 Qf8 21. Re1 b6 22. Bf2 Ra7 23. f4 Rd7 24. f5 Be5 25. Nd5 Rb8 26. Qd1 Qg7 27. Be3 e6 28. Nf4 Kg8 29. Kh1 Re8 30. Bc1 Rde7 31. Rce2 Kh7 32. h4 Bd4 33. Kh2 Be5 34. Rf2 Kg8 35. Ree2 Bd4 36. Rf1 Be5 37. Qc2 Bb7 38. Ref2 Bd4 39. f6 Qxf6 40. Nxh5 Qh8 41. Nf6+ Bxf6 42. Rxf6 Nd7 43. Bg5 Nxf6 44. Bxf6 Qh6 45. Bxe7 Rxe7 46. Qf2 Rd7 47. Qxb6 Qd2 48. Rf2 Qc3 49. Qb5 Re7 50. Qg5 Rd7 51. h5 Qh8 52. Qxa5 d5 53. exd5 Qxh5+ 54. Kg1 Qd1+ 55. Bf1 exd5 56. cxd5 Bxd5 57. Qc3 Be6 58. Rh2 Qd4+ 59. Qxd4 Rxd4 60. Rb2 Rd1 61. Kf2 Kf8 62. b4 Ra1 63. b5 Bxa2 64. b6 Bd5 65. Bg2 Bxg2 66. Kxg2 Ra8 67. Kf3 Ke7 68. b7 Rb8 69. Kf4 f6 70. Rb6 Kf7 71. Ke4 Ke7 72. Kd5 Kd7 73. Rxf6 Kc7 74. Rf7+ Kb6 75. Ke6 Ka7 76. Kf6 Rg8 77. g4 1-0